|
|
|
|
| LEADER |
00000nam a2200000Ia 4500 |
| 008 |
180911b1998 cr ||||| |||| 00| s spa d |
| 999 |
|
|
|c 2346
|d 2346
|
| 090 |
|
|
|a 19.02.02
|b 746
|
| 100 |
|
|
|9 4215
|a Achío Méndez, Ana María
|
| 245 |
1 |
0 |
|a Enfoques curriculares : perspectiva de diversos autores /
|c Ana María Achío Méndez
|
| 260 |
|
|
|a San José, Costa Rica :
|b Ministerio de Educación Pública. Centro Nacional de Didactica. REDUC,
|c 1998
|
| 300 |
|
|
|a 48 páginas
|
| 650 |
1 |
4 |
|a CURRÍCULO (EDUCACIÓN)
|9 342
|
| 650 |
1 |
4 |
|a PLAN DE ESTUDIOS
|9 4190
|
| 650 |
1 |
4 |
|a PROGRAMA DE ESTUDIOS
|9 1364
|
| 650 |
1 |
4 |
|a ENSEÑANZA
|9 14
|
| 650 |
1 |
4 |
|a CONOCIMIENTO
|9 42
|
| 650 |
1 |
4 |
|a APRENDIZAJE
|9 387
|
| 650 |
1 |
4 |
|a CONSTRUCTIVISMO (EDUCACIÓN)
|9 419
|
| 942 |
|
|
|i 001255
|h 19.02.02 746
|2 z
|c 01
|